000 00483nam a2200169 i 4500
001 49597
003 ES-MaACL
005 20230906162025.0
007 t|
008 030718s1968 sp ||||1| spa d
100 1 _aCoste, Didíer.
_941136
245 1 3 _aLa luna con los dientes /
_cDidíer Coste ; [traducción, Pilar Daniel].
260 _a[Barcelona] :
_bLumen,
_c[1968]
300 _a261 p. ;
_c19 cm.
700 1 _aDaniel, Pilar.
_942627
852 _aES-MaACL
_jC-51776
_bR.67534
999 _c49597
_d49597